[Event "Rio de Janeiro Duchamp op 3rd"]
[Site "Rio de Janeiro"]
[Date "2019.12.08"]
[Round "3"]
[White "Weber, Eduarda Pasqualoto"]
[Black "Martinez, Ayelen"]
[Result "0-1"]
[WhiteElo "1868"]
[BlackElo "2139"]
[PlyCount "50"]
[EventDate "2019.12.07"]
[EventType "swiss"]
[EventRounds "9"]
[EventCountry "BRA"]
[SourceTitle "EXT 2021"]
[Source "ChessBase"]
[SourceDate "2020.10.23"]
[SourceVersion "1"]
[SourceVersionDate "2020.10.23"]
[SourceQuality "1"]

1. e4 c5 2. Nc3 d6 3. Nf3 Nf6 4. d4 cxd4 5. Nxd4 a6 6. Be2 e5 7. Nb3 Be7 8. 0-0 0-0 9. Kh1 b6 10. f4 Bb7 11. Bf3 Nbd7 12. Qe1 Rc8 13. f5 b5 14. a3 Re8 15. Be3 d5 16. exd5 e4 17. Be2 Ne5 18. Rd1 Nfg4 19. Bd4 Bh4 20. Qd2 e3 21. Qc1 Nf2+ 22. Rxf2 Bxf2 23. Ne4 Qxd5 24. Bxe5 Qxe4 25. Bf3 Qxf3 0-1

[Event "BRA-ch U20 Girls"]
[Site "Concordia"]
[Date "2019.08.02"]
[Round "2"]
[White "Weber, Eduarda Pasqualoto"]
[Black "Bonvini, Adriana Tonhati"]
[Result "1-0"]
[WhiteElo "1866"]
[BlackElo "1613"]
[PlyCount "57"]
[EventDate "2019.08.01"]
[EventType "swiss"]
[EventRounds "7"]
[EventCountry "BRA"]
[SourceTitle "EXT 2020"]
[Source "ChessBase"]
[SourceDate "2019.10.17"]
[SourceVersion "1"]
[SourceVersionDate "2019.10.17"]
[SourceQuality "1"]

1. e4 e6 2. Nc3 d5 3. Nf3 Nf6 4. e5 Nfd7 5. d4 c5 6. dxc5 Bxc5 7. Bd3 Nc6 8. Bf4 Qb6 9. 0-0 Qxb2 10. Nb5 Rb8 11. Bd2 d4 12. Qe2 a6 13. Rfb1 Qxa1 14. Rxa1 axb5 15. Bxb5 0-0 16. Qe4 f5 17. Qe2 Nb6 18. a4 Nd5 19. Qc4 Be7 20. Bxc6 bxc6 21. Nxd4 Bd7 22. Nxc6 Rfc8 23. Nxe7+ Nxe7 24. Qa2 Nd5 25. h3 Nb6 26. a5 Na4 27. Rb1 Ra8 28. Rb7 Nc5 29. Rxd7 1-0

[Event "Concordia op 5th"]
[Site "Concordia"]
[Date "2019.05.03"]
[Round "5"]
[White "Weber, Eduarda Pasqualoto"]
[Black "Filgueiras, Nathan Felipe"]
[Result "0-1"]
[WhiteElo "1863"]
[BlackElo "2170"]
[PlyCount "82"]
[EventDate "2019.05.01"]
[EventType "swiss"]
[EventRounds "9"]
[EventCountry "BRA"]
[SourceTitle "CBM 190 Extra"]
[Source "ChessBase"]
[SourceDate "2019.07.15"]
[SourceVersion "1"]
[SourceVersionDate "2019.07.15"]
[SourceQuality "1"]

1. e4 c5 2. Nc3 d6 3. Nf3 e5 4. Bc4 Be7 5. 0-0 Nf6 6. d3 0-0 7. Ne1 Nc6 8. a4 Be6 9. Nd5 Nd7 10. f4 exf4 11. Bxf4 Nde5 12. Ba2 Ng6 13. Be3 Nce5 14. h3 Kh8 15. Nf3 Nxf3+ 16. Qxf3 Bg5 17. Qh5 Bxe3+ 18. Nxe3 Qb6 19. Nc4 Qc7 20. Ne3 Qb6 21. Nc4 Qc7 22. Ne3 Qd7 23. Bd5 Rae8 24. Rf2 Ne5 25. Raf1 Qxa4 26. Bxe6 Rxe6 27. Ng4 f6 28. Ne3 Qe8 29. Qh4 Ng6 30. Qg3 Qd7 31. Nf5 d5 32. Qg4 Ne5 33. Qg3 d4 34. Rf4 b5 35. Rh4 c4 36. dxc4 bxc4 37. Rd1 g5 38. Rh6 d3 39. cxd3 Nxd3 40. h4 Rxe4 41. Qf3 Rf4 0-1

[Event "Concordia op 5th"]
[Site "Concordia"]
[Date "2019.05.01"]
[Round "2"]
[White "Di Berardino, Diego Rafael"]
[Black "Weber, Eduarda Pasqualoto"]
[Result "1-0"]
[WhiteElo "2512"]
[BlackElo "1863"]
[PlyCount "65"]
[EventDate "2019.05.01"]
[EventType "swiss"]
[EventRounds "9"]
[EventCountry "BRA"]
[SourceTitle "CBM 190 Extra"]
[Source "ChessBase"]
[SourceDate "2019.07.15"]
[SourceVersion "1"]
[SourceVersionDate "2019.07.15"]
[SourceQuality "1"]

1. d4 Nf6 2. c4 g6 3. Nc3 Bg7 4. e4 d6 5. f3 0-0 6. Bg5 Nbd7 7. Qd2 c5 8. d5 Re8 9. Nh3 Ne5 10. Nf2 Qa5 11. Rc1 a6 12. f4 Neg4 13. Nxg4 Bxg4 14. h3 Bd7 15. Bd3 Nh5 16. g4 Nf6 17. 0-0 h6 18. Bh4 Nh7 19. Bg3 h5 20. gxh5 Bxh3 21. hxg6 fxg6 22. Rfe1 Bd4+ 23. Kh2 Bg4 24. Kg2 Qc7 25. Rh1 Bh5 26. f5 Rf8 27. Rcf1 Qd7 28. Ne2 Bf6 29. Nf4 Bg5 30. Qe1 Bxf4 31. Bxf4 Nf6 32. Qg3 Kf7 33. Rxh5 1-0

[Event "BRA-ch U26 (Women)"]
[Site "Brasilia"]
[Date "2019.04.25"]
[Round "5"]
[White "Sallaberry, Ana Paula Nogueira"]
[Black "Weber, Eduarda Pasqualoto"]
[Result "0-1"]
[WhiteElo "1800"]
[BlackElo "1863"]
[PlyCount "110"]
[EventDate "2019.04.23"]
[EventType "swiss"]
[EventRounds "7"]
[EventCountry "BRA"]
[SourceTitle "CBM 190 Extra"]
[Source "ChessBase"]
[SourceDate "2019.07.15"]
[SourceVersion "1"]
[SourceVersionDate "2019.07.15"]
[SourceQuality "1"]

1. c4 e6 2. Nc3 d5 3. cxd5 exd5 4. d4 Nf6 5. Nf3 c6 6. Bd2 Bd6 7. e3 0-0 8. Be2 Nbd7 9. 0-0 Ne4 10. Rc1 f5 11. g3 Rf6 12. Nxe4 fxe4 13. Ne1 Rg6 14. Ng2 Nf6 15. Nf4 Rh6 16. f3 Qd7 17. fxe4 Nxe4 18. Bf3 Bxf4 19. exf4 Qh3 20. Qe2 Bf5 21. Bxe4 Bxe4 22. Rc3 Qd7 23. a3 Re8 24. Re3 Rf8 25. Bb4 Rff6 26. Rf2 Rh3 27. Bd2 Qf5 28. g4 Rxe3 29. Bxe3 Rg6 30. g5 Qh3 31. b4 Re6 32. a4 Bf5 33. Rf3 Qg4+ 34. Qg2 Qxg2+ 35. Kxg2 Be4 36. h3 Kf7 37. Kg3 Bxf3 38. Kxf3 Re4 39. a5 Kg6 40. h4 Kf5 41. h5 Rxe3+ 42. Kxe3 Kg4 43. h6 g6 44. Kd3 Kxf4 45. Kc3 Ke4 46. b5 cxb5 47. Kb4 Kxd4 48. Kxb5 Kc3 49. Kc5 d4 50. Kd6 d3 51. Ke6 d2 52. Kf6 d1Q 53. Kg7 Qd7+ 54. Kh8 b5 55. axb6 axb6 0-1

[Event "Santa Catarina-chT"]
[Site "Piratuba"]
[Date "2018.04.13"]
[Round "1.1"]
[White "Ribeiro, Otavio Alves"]
[Black "Weber, Eduarda Pasqualoto"]
[Result "0-1"]
[WhiteElo "1443"]
[BlackElo "1869"]
[PlyCount "50"]
[EventDate "2018.04.13"]
[EventType "team-swiss"]
[EventRounds "5"]
[EventCountry "BRA"]
[SourceTitle "CBM 184 Extra"]
[Source "ChessBase"]
[SourceDate "2018.06.28"]
[SourceVersion "1"]
[SourceVersionDate "2018.06.28"]
[SourceQuality "1"]
[WhiteTeam "Lebon Regis III"]
[BlackTeam "Coopercarga"]
[WhiteTeamCountry "BRA"]
[BlackTeamCountry "BRA"]

1. e4 e5 2. Nf3 Nc6 3. Bb5 a6 4. Bxc6 dxc6 5. 0-0 Bg4 6. h3 Bh5 7. Nc3 Bd6 8. d4 Bxf3 9. gxf3 exd4 10. Ne2 c5 11. Re1 Qd7 12. Kg2 0-0-0 13. Ng3 f6 14. f4 Re8 15. c3 dxc3 16. bxc3 h6 17. Rb1 g5 18. Qf3 Qc6 19. Qg4+ Kb8 20. Qf3 Rh7 21. Nf5 Ne7 22. Nxd6 cxd6 23. Bb2 Ng6 24. Kh2 Nxf4 25. c4 f5 0-1

[Event "Catarinense-ch (Women)"]
[Site "Concordia"]
[Date "2018.02.25"]
[Round "6"]
[White "Feller, Gabriela Luisa Vice"]
[Black "Weber, Eduarda Pasqualoto"]
[Result "0-1"]
[WhiteElo "1680"]
[BlackElo "1824"]
[PlyCount "58"]
[EventDate "2018.02.23"]
[EventType "swiss"]
[EventRounds "6"]
[EventCountry "BRA"]
[SourceTitle "EXT 2019"]
[Source "ChessBase"]
[SourceDate "2018.10.10"]
[SourceVersion "1"]
[SourceVersionDate "2018.10.10"]
[SourceQuality "1"]

1. d4 d5 2. c4 e6 3. Nf3 Nf6 4. Nc3 c6 5. e3 Nbd7 6. Qc2 Bd6 7. Bd3 e5 8. dxe5 Nxe5 9. Nxe5 Bxe5 10. 0-0 Bxh2+ 11. Kxh2 Ng4+ 12. Kg3 h5 13. Kf3 Nh2+ 14. Ke2 Nxf1 15. Kxf1 Qh4 16. Ne2 Qh1+ 17. Ng1 h4 18. Bf5 h3 19. gxh3 Rxh3 20. Bxc8 Rxc8 21. Qf5 Rh6 22. Qxc8+ Ke7 23. b3 Rg6 24. Ba3+ Kf6 25. Qd8+ Kf5 26. Qd7+ Ke4 27. f3+ Kxe3 28. Bc5+ Kd2 29. cxd5 Qg2# 0-1

[Event "Catarinense-ch (Women)"]
[Site "Concordia"]
[Date "2018.02.24"]
[Round "3"]
[White "Weber, Eduarda Pasqualoto"]
[Black "Dias, Juliane de Oliveira"]
[Result "1-0"]
[WhiteElo "1824"]
[BlackElo "1893"]
[PlyCount "71"]
[EventDate "2018.02.23"]
[EventType "swiss"]
[EventRounds "6"]
[EventCountry "BRA"]
[SourceTitle "EXT 2019"]
[Source "ChessBase"]
[SourceDate "2018.10.10"]
[SourceVersion "1"]
[SourceVersionDate "2018.10.10"]
[SourceQuality "1"]

1. e4 d5 2. exd5 Qxd5 3. Nc3 Qa5 4. Bc4 Nf6 5. d4 Bg4 6. f3 Bd7 7. Nge2 e6 8. 0-0 b5 9. Bb3 c5 10. dxc5 Bxc5+ 11. Kh1 Nc6 12. Bg5 Be7 13. Bxf6 gxf6 14. a4 bxa4 15. Bxa4 Qb6 16. Qd3 h5 17. Rfd1 Rd8 18. Qb5 Qxb5 19. Bxb5 Ra8 20. Rxd7 Kxd7 21. Ra6 Rhc8 22. Nd4 Bc5 23. Nxc6 Kc7 24. Bd3 f5 25. Ne5 Bb6 26. Nxf7 Rg8 27. Bc4 Rg6 28. Ne5 Rh6 29. Ra1 h4 30. Rd1 Rf8 31. Rd7+ Kb8 32. Ba6 h3 33. g3 f4 34. g4 Be3 35. Nc6+ Ka8 36. Bb7# 1-0

[Event "Catarinense-ch (Women)"]
[Site "Concordia"]
[Date "2018.02.23"]
[Round "2"]
[White "Gomes, Maria Eduarda Papin"]
[Black "Weber, Eduarda Pasqualoto"]
[Result "0-1"]
[WhiteElo "1515"]
[BlackElo "1824"]
[PlyCount "70"]
[EventDate "2018.02.23"]
[EventType "swiss"]
[EventRounds "6"]
[EventCountry "BRA"]
[SourceTitle "EXT 2019"]
[Source "ChessBase"]
[SourceDate "2018.10.10"]
[SourceVersion "1"]
[SourceVersionDate "2018.10.10"]
[SourceQuality "1"]

1. d4 d5 2. c4 e6 3. Nc3 Nf6 4. cxd5 exd5 5. Bg5 Be7 6. e3 c6 7. Bd3 Nbd7 8. Qc2 0-0 9. Nf3 Re8 10. 0-0 h6 11. Bh4 Ne4 12. Bxe7 Qxe7 13. Rab1 Ndf6 14. b4 Ng4 15. Bxe4 dxe4 16. Nd2 Qh4 17. h3 Nf6 18. Rfc1 g5 19. Nf1 g4 20. hxg4 Bxg4 21. Ne2 Kh8 22. Neg3 Rg8 23. Qb2 Qg5 24. Rc5 Qg7 25. b5 h5 26. bxc6 bxc6 27. Qc1 h4 28. Nh1 Bf3 29. g3 hxg3 30. Nhxg3 Qh6 31. Nh2 Qh3 32. Nxf3 exf3 33. Qf1 Rxg3+ 34. fxg3 Qxg3+ 35. Kh1 Qh4+ 0-1

[Event "Florianopolis op 4th"]
[Site "Florianopolis"]
[Date "2018.01.24"]
[Round "8"]
[White "Weber, Eduarda Pasqualoto"]
[Black "Borges, Guilherme Deola"]
[Result "0-1"]
[WhiteElo "1824"]
[BlackElo "2198"]
[PlyCount "52"]
[EventDate "2018.01.19"]
[EventType "swiss"]
[EventRounds "10"]
[EventCountry "BRA"]
[SourceTitle "EXT 2019"]
[Source "ChessBase"]
[SourceDate "2018.10.10"]
[SourceVersion "1"]
[SourceVersionDate "2018.10.10"]
[SourceQuality "1"]

1. e4 c5 2. Nc3 d6 3. Nf3 Nf6 4. d4 cxd4 5. Nxd4 Nc6 6. Be2 e5 7. Nb3 Be7 8. 0-0 0-0 9. Kh1 a5 10. a4 Nb4 11. f4 Qb6 12. Bf3 Be6 13. f5 Bc4 14. Be2 Qc6 15. Bg5 d5 16. Bxf6 Bxf6 17. exd5 Nxd5 18. Rf3 Rfd8 19. Nd2 Bxe2 20. Qxe2 Nf4 21. Qe3 Bg5 22. Nde4 Bh6 23. Rg3 Nh5 24. Qf3 Nxg3+ 25. Qxg3 f6 26. Qf2 Rd4 0-1

[Event "BRA-ch U26 (Women)"]
[Site "Goiania"]
[Date "2017.10.20"]
[Round "2"]
[White "Weber, Eduarda Pasqualoto"]
[Black "Hubner, Jessica Trindade"]
[Result "1-0"]
[WhiteElo "1826"]
[BlackElo "1800"]
[PlyCount "129"]
[EventDate "2017.10.19"]
[EventType "swiss"]
[EventRounds "7"]
[EventCountry "BRA"]
[SourceTitle "CBM 181 Extra"]
[Source "ChessBase"]
[SourceDate "2017.12.12"]
[SourceVersion "1"]
[SourceVersionDate "2017.12.12"]
[SourceQuality "1"]

1. e4 c5 2. Nf3 d6 3. d4 cxd4 4. Nxd4 Nf6 5. Nc3 a6 6. a4 g6 7. Be2 Bg7 8. 0-0 0-0 9. Be3 Nc6 10. Nb3 Be6 11. f4 Bxb3 12. cxb3 d5 13. exd5 Nb4 14. Bf3 a5 15. Rc1 Qd7 16. Qd2 Ng4 17. Bc5 Rfe8 18. Rfe1 Nf6 19. Bxb4 axb4 20. Nb5 Rac8 21. Rc4 Rxc4 22. bxc4 b3 23. Bd1 Qc8 24. Bxb3 Qc5+ 25. Qe3 Qb4 26. Bd1 Qxc4 27. b3 Qb4 28. Bf3 Nd7 29. d6 Nc5 30. Rc1 Nxb3 31. d7 Rd8 32. Rc8 Qa5 33. Qxe7 Qb6+ 34. Kh1 Bf6 35. Rxd8+ Qxd8 36. Qxd8+ Bxd8 37. Bd5 Nc5 38. Nd6 Nxd7 39. Nxf7 Nb6 40. Bb3 Bf6 41. Nd6+ Kf8 42. Nxb7 Nc8 43. Be6 Na7 44. f5 Ke7 45. g4 Nc6 46. a5 gxf5 47. Bxf5 h6 48. a6 Bd4 49. Kg2 Nb4 50. Na5 Kd8 51. Be4 Kc7 52. Bb7 Kb6 53. Nb3 Bg7 54. Nd2 Nxa6 55. Bxa6 Kxa6 56. Ne4 Kb6 57. Nd6 Kc6 58. Nf5 Bf8 59. Kh3 Kd5 60. Kh4 Ke4 61. Kh5 Kf4 62. h3 Kf3 63. Nd4+ Kg3 64. h4 Bg7 65. Nf5+ 1-0

[Event "BRA-ch U18 Girls"]
[Site "Itajai"]
[Date "2017.06.02"]
[Round "3"]
[White "Bail, Ellen Larissa"]
[Black "Weber, Eduarda Pasqualoto"]
[Result "0-1"]
[WhiteElo "1734"]
[BlackElo "1793"]
[PlyCount "82"]
[EventDate "2017.06.01"]
[EventType "swiss"]
[EventRounds "6"]
[EventCountry "BRA"]
[SourceTitle "CBM 179 Extra"]
[Source "ChessBase"]
[SourceDate "2017.08.23"]
[SourceVersion "1"]
[SourceVersionDate "2017.08.23"]
[SourceQuality "1"]

1. d4 d5 2. Nf3 Nf6 3. g3 c6 4. Bg2 e6 5. 0-0 Nbd7 6. b3 Bd6 7. Bb2 0-0 8. Nbd2 c5 9. c4 cxd4 10. Nxd4 Nb6 11. Rc1 Qe7 12. Nb5 Bb4 13. cxd5 Nbxd5 14. e4 a6 15. Nc3 Nxc3 16. Bxc3 Rd8 17. Qe2 Bd7 18. Nc4 Bxc3 19. Rxc3 Rac8 20. Rfc1 Qb4 21. R3c2 Bb5 22. Bf1 h6 23. Qf3 Bc6 24. Bd3 Rxd3 25. Qxd3 Bxe4 26. Qd2 Qxd2 27. Rxd2 b5 28. Rd6 a5 29. Ra6 bxc4 30. Rxa5 c3 31. b4 c2 32. Ra3 Rd8 33. Re3 Rd1+ 34. Re1 Rxe1+ 35. Rxe1 Bd3 36. Rc1 Nd5 37. a3 Nc3 38. Kg2 Ne2 39. Re1 c1Q 40. Rxc1 Nxc1 41. a4 Na2 0-1